000 00307nam a22001457a 4500
008 210527b ||||| |||| 00| 0 eng d
020 _a3510651839
041 _aeng
080 _a91
082 _a91
100 _a42
101 _aGJEO
245 _aShales and Mudstones
_cSchieber,J
942 _2udc
_cBK
999 _c57700
_d57700